00702nas a2200229Ia 4500001001600000003001000016008004100026040002500067041001300092100001700105210003000122222003000152245004600182250001100228260000900239501012300248300001400371362002300385500003000408650002300438700001100461A09/R103-29219 IT-MiCISF161014c99999999xx |||||||||||| ||und|| aIT-MiCISFcIT-MiCISF aITALIANO aSerra Angelo aConsultori familiari oggi aConsultori familiari oggi 0aUomo e "famiglia" nell'era biotecnologica a1a ed. c1999 bCISF - Centro Internazionale Studi Famiglia - Via Giotto, 36 20145 MILANO (non commercial uses only)cCopyright 2016 app. 65-78 an. 1, marzo [1999] a Tema: bioetica, famiglia aBIOETICAvarticolo aAA.VV.